| 000 | 00649nam a2200205 4500 | ||
|---|---|---|---|
| 001 | 127267 | ||
| 003 | ES-MaACL | ||
| 005 | 20250814230842.0 | ||
| 007 | t| | ||
| 008 | 070214s1977 sp r ||||1| spa d | ||
| 100 | 1 |
_aReynolds, P. A. _996633 |
|
| 245 | 1 | 0 |
_aIntroducción al estudio de las relaciones internacionales / _cP. A. Reynolds ; traducción de Francisco Condomines. |
| 260 |
_aMadrid : _bTecnos, _c1977. |
||
| 300 |
_a278 p. ; _c23 cm. |
||
| 490 | 1 | _aCiencias sociales | |
| 700 | 1 |
_aCondomines, Francisco. _940145 |
|
| 830 | 0 | 0 |
_aCiencias sociales _9177859 |
| 852 |
_aES-MaACL _jA-8209 _bR.97244 |
||
| 999 |
_c127267 _d127267 |
||